Consumer price index; (Record no. 77782)

MARC details
000 -LEADER
fixed length control field 00671nam a22002291 4500
001 - CONTROL NUMBER
control field sa 68001190
003 - CONTROL NUMBER IDENTIFIER
control field DLC
005 - DATE AND TIME OF LATEST TRANSACTION
control field 20260227112431.0
008 - FIXED-LENGTH DATA ELEMENTS--GENERAL INFORMATION
fixed length control field 710903s1965 pk a 00000 eng
010 ## - LIBRARY OF CONGRESS CONTROL NUMBER
LC control number sa 68001190
025 ## - OVERSEAS ACQUISITION NUMBER
Overseas acquisition number PL480:P-E-E-132
043 ## - GEOGRAPHIC AREA CODE
Geographic area code a-pk---
050 0# - LIBRARY OF CONGRESS CALL NUMBER
Classification number HD7051.5
Item number .A5
110 10 - MAIN ENTRY--CORPORATE NAME
Corporate name or jurisdiction name as entry element Pakistan.
Subordinate unit Central Statistical Office.
245 10 - TITLE STATEMENT
Title Consumer price index;
Remainder of title scope and limitations.
260 1# - PUBLICATION, DISTRIBUTION, ETC.
Place of publication, distribution, etc. [Karachi]
Date of publication, distribution, etc. 1965.
300 ## - PHYSICAL DESCRIPTION
Extent iii, 43 p.
Other physical details illus.
Dimensions 28 cm.
500 ## - GENERAL NOTE
General note Cover title.
500 ## - GENERAL NOTE
General note "The text ... has been written by Mr. R. H. Sheriff."
650 #0 - SUBJECT ADDED ENTRY--TOPICAL TERM
Topical term or geographic name entry element Cost and standard of living
Geographic subdivision Pakistan.
700 10 - ADDED ENTRY--PERSONAL NAME
Personal name Sheriff, R. H.

No items available.

Powered by Koha